000 00624nam a2200205 a 4500
001 6446
003 CO-ViMGA
008 141112s2004 ck r 000 u spa d
040 _aCO-ViMGA
_bspa
_cCO-ViMGA
082 0 4 _a320.946 C65a
100 1 _aColomer ; Josep M.,
_95229
245 1 0 _aEl arte de la manipulación política
260 _aBarcelona :
_bEditorial Anagrama,
_c1990
300 _a320p.
650 1 4 _aCAMPAÑA ELECTORAL - ESPAÑA
_95230
650 1 4 _aESPAÑA - Política Y GOBIERNO
_95231
650 1 4 _aPARTIDOS - POLITICOS - ESPAÑA
_95232
650 1 4 _aTACTICAS PolíticaS - ESPAÑA
_95233
942 _2ddc
_cBK
999 _c18416
_d18416